|
|
|
|
| LEADER |
00000naa2a2200000 4500 |
| 001 |
384015 |
| 005 |
20231101063213.0 |
| 035 |
|
|
|a (RuTPU)RU\TPU\prd\10190
|
| 090 |
|
|
|a 384015
|
| 100 |
|
|
|a 20030129a2002 k y0rusy50 ca
|
| 101 |
0 |
|
|a rus
|
| 102 |
|
|
|a RU
|
| 200 |
1 |
|
|a Измерение электромагнитных параметров материалов конечной толщины
|f Ю. Н. Пчельников
|
| 225 |
1 |
|
|a Радиотехнические измерения
|
| 320 |
|
|
|a Библиогр.: 14 назв.
|
| 461 |
|
1 |
|0 (RuTPU)RU\TPU\prd\1509
|x 0368-1025
|t Измерительная техника
|l Measurement Techniques
|o научно-технический журнал
|f Российская Федерация, Федеральное агентство по техническому регулированию и метрологии (Ростехрегулирование) (Госстандарт России)
|d 1940-1941, 1955-
|
| 463 |
|
1 |
|0 (RuTPU)RU\TPU\prd\9176
|t № 11
|v С. 41-45
|d 2002
|
| 610 |
1 |
|
|a тонккая пленка
|
| 610 |
1 |
|
|a модель
|
| 610 |
1 |
|
|a проводимость
|
| 675 |
|
|
|a 621.371:539.238
|v 3
|
| 700 |
|
1 |
|a Пчельников
|b Ю. Н.
|
| 801 |
|
1 |
|a RU
|b 63413507
|c 20030129
|g PSBO
|
| 801 |
|
2 |
|a RU
|b 63413507
|c 20121217
|g RCR
|
| 942 |
|
|
|c BK
|